000 00693nmm a2200205Ia 4500
008 251105s9999||||xx |||||||||||||||||und||
020 _a9788437061054
041 _aspa
100 _aSánchez González, Luis
245 0 _aLa romanización en tierras valencianas :
_b Una historia documental
264 _a[Madrid, España] :
_bPublicaciones de la Universidad de Valencia (PUV),
_c2012
300 _a158 páginas
490 _aFora de Col·lecció
650 _aHistory of Europe: Spain
700 _aSánchez González, Luis
700 1 _a Sapiña Navarro, Fernando
700 1 _a Seguí Marco, Juan José
856 _uhttps://public.digitaliapublishing.com/a/35311
942 _cCF
999 _c71059
_d71059